Combustión industrial
Publicado:
Barcelona :
Escuela de Trabajo de la Diputación Provincial de Barcelona. Sección Ediciones (E.T. Artes Gráficas ,
1952
Descripción Física:
79 p. : il. ; 21 cm
Materias:
Combustió
MARC
| LEADER | 00000nam a2200000Ia 4500 | ||
|---|---|---|---|
| 001 | 1998 | ||
| 008 | 160829s1952) xx 000 0 cat d | ||
| 080 | |a C-1-401 | ||
| 245 | |a Combustión industrial | ||
| 260 | |a Barcelona : |b Escuela de Trabajo de la Diputación Provincial de Barcelona. Sección Ediciones (E.T. Artes Gráficas, |c 1952) | ||
| 300 | |a 79 p. : |b il. ; |c 21 cm | ||
| 650 | |a Combustió |9 27633 | ||
| 710 | 2 | |a Escola del Treball (Barcelona, Catalunya) |9 54586 | |
| 901 | |a Arxiu | ||
| 942 | |n 1 | ||
| 952 | |0 0 |1 0 |4 0 |6 C1401 |7 1 |9 47661 |a Arxiu |b Arxiu |d 2016-12-01 |l 0 |o C-1-401 |p 1998 |r 2016-12-01 00:00:00 |w 2016-12-01 |y ARXIU | ||
| 999 | |c 51460 |d 51460 | ||